书目信息 |
| 题名: |
邓小平党建论著研究
|
|
| 作者: | 田夫 , 李欣 主编 | |
| 分册: | ||
| 出版信息: | 济南 山东人民出版社 1991 |
|
| 页数: | 317页 | |
| 开本: | 20厘米 | |
| 丛书名: | ||
| 单 册: | ||
| 中图分类: | D20 , D20 | |
| 科图分类: | ||
| 主题词: | 中国共产党-党的建设-邓小平--著作研究 , 党的建设-中国共产党-邓小平--著作研究 , 中国共产党 | |
| 电子资源: | ||
| ISBN: | 7-209-00974-4 | |
| 000 | 00848nam0 2200277 45 | |
| 001 | 1260722984 | |
| 005 | 20121004165446.71 | |
| 010 | @a7-209-00974-4@dCNY5.80 | |
| 100 | @a19911215d1991 kemy0chiy0121 ea | |
| 101 | 0 | @achi |
| 102 | @aCN@b370000 | |
| 105 | @ay z 000yy | |
| 200 | 10 | @a邓小平党建论著研究@ADENG XIAO PING DANG JIAN LUN ZHU YAN JIU@f田 夫,李 欣主编@FTIAN FU , LI XIN ZHU BIAN |
| 210 | @a济南@c山东人民出版社@d1991 | |
| 215 | @a317页@d20厘米 | |
| 540 | 1 | @a党建@ADANG JIAN |
| 600 | 0 | @a邓小平-中国共产党-党的建设@x著作研究 |
| 606 | @a中国共产党-党的建设-邓小平@x著作研究 | |
| 606 | @a党的建设-中国共产党-邓小平@x著作研究 | |
| 606 | 0 | @a中国共产党 |
| 690 | @aD20@v4 | |
| 690 | @aD20@v4 | |
| 701 | 0 | @a田夫@ATIAN FU@4主编 |
| 701 | 0 | @a李欣@ALI XIN@4主编 |
| 801 | 0 | @aCN@bTSSF@c19911215 |
| 905 | @a10447@dD20@eJY5 | |
| 邓小平党建论著研究/田 夫,李 欣主编.-济南:山东人民出版社,1991 |
| 317页;20厘米 |
| ISBN 7-209-00974-4:CNY5.80 |
| ● |
| 相关链接 |
|
|
|
|
正题名:邓小平党建论著研究
索取号:D20/JY5
 
预约/预借
| 序号 | 登录号 | 条形码 | 馆藏地/架位号 | 状态 | 备注 |
| 1 | 7811571 | 278115718 | 学院路分馆/ [索取号:D20/JY5] | 在馆 | |
| 2 | 7811572 | 278115727 | 学院路分馆/ [索取号:D20/JY5] | 在馆 | |
| 3 | 7811573 | 278115736 | 学院路分馆/ [索取号:D20/JY5] | 在馆 |